000
00394nam a2200133Ia 4500
008
100328s9999 xx 000 0 und d
082
_b
63035
100
_a
बोरकर कमलाकर.
245
_a
बाळा जो जो रे.
260
_b
त्रिदल.
630
_a
बाळा जो जो रे.
730
_a
बाळा जो जो रे.
942
_c
BOOK
999
_c
548957
_d
548954